Southville International School and Colleges
Your cart is empty.
  • Cart
  • Lists
    Public lists Eva Luna New books Lux_list list_1
    Your lists Log in to create your own lists
  • Log in to your account
  • Your cookies
  • Search history
Southville International School and Colleges
  • Advanced search
  • Recent comments
  • Most popular
  • Libraries

Log in to your account

Log in with GOOGLE


If you do not have an external account, but do have a local account, you can still log in:

  1. Home
  2. MARC view: Brown bear, Brown bear, what do you see? /
Normal view MARC view ISBD view

Brown bear, Brown bear, what do you see? / (Record no. 106266)

[ view plain ]
MARC details
000 -LEADER
fixed length control field 00612nam a2200193 a 4500
005 - DATE AND TIME OF LATEST TRANSACTION
control field 20140412111427.0
008 - FIXED-LENGTH DATA ELEMENTS--GENERAL INFORMATION
fixed length control field 090225s19uu xx 00 eng d
020 ## - INTERNATIONAL STANDARD BOOK NUMBER
International Standard Book Number 0-8050-4790-5
050 ## - LIBRARY OF CONGRESS CALL NUMBER
Classification number TR(PS E
Item number Br81 1992
100 ## - MAIN ENTRY--PERSONAL NAME
Personal name Bill, Martin
245 ## - TITLE STATEMENT
Title Brown bear, Brown bear, what do you see? /
Statement of responsibility, etc Bill Martin.
260 ## - PUBLICATION, DISTRIBUTION, ETC. (IMPRINT)
Place of publication, distribution, etc Mexico :
Name of publisher, distributor, etc Henry Holt,
Date of publication, distribution, etc 1992.
300 ## - PHYSICAL DESCRIPTION
Extent unp.
520 ## - SUMMARY, ETC.
Summary, etc Children see a variety of animals, each one a different color, and a teacher looking at them.
650 ## - SUBJECT ADDED ENTRY--TOPICAL TERM
Topical term or geographic name as entry element Color
General subdivision fiction
650 ## - SUBJECT ADDED ENTRY--TOPICAL TERM
Topical term or geographic name as entry element Animals
General subdivision fiction
700 ## - ADDED ENTRY--PERSONAL NAME
Personal name Illustrated by Carle, Eric
Holdings
Withdrawn status Lost status Damaged status Home library Current library Shelving location Date acquired Source of acquisition Total Checkouts Full call number Barcode Date last seen Price effective from Koha item type
      Elizalde Library Elizalde Library Teachers Reference Section 02/25/2009     TR(PS E Br81 1992 E11510 04/12/2014 04/12/2014 Books

Brown bear, Brown bear, what do you see? /

APA

Bill M., Illustrated by Carle E., . (1992). Brown bear, Brown bear, what do you see?. Mexico: Henry Holt.

Chicago

Bill Martin, Illustrated by Carle Eric, . 1992. Brown bear, Brown bear, what do you see?. Mexico: Henry Holt.

Harvard

Bill M., Illustrated by Carle E., . (1992). Brown bear, Brown bear, what do you see?. Mexico: Henry Holt.

MLA

Bill Martin, Illustrated by Carle Eric, . Brown bear, Brown bear, what do you see?. Mexico: Henry Holt. 1992.

  • Place hold
  • Print
  • Cite
  • Add to your cart (remove)
  • Save record
    BIBTEX Dublin Core MARCXML MARC (non-Unicode/MARC-8) MARC (Unicode/UTF-8) MARC (Unicode/UTF-8, Standard) MODS (XML) RIS
  • More searches
    Search for this title in:
    Other Libraries (WorldCat) Other Databases (Google Scholar) Online Stores (Bookfinder.com) Open Library (openlibrary.org)

Exporting to Dublin Core...

SOUTHVILLE LIBRARY

Southville International School and Colleges Library

1281 Tropical Ave. Cor. Luxembourg St., BF Homes International, Las Pinas City

Tel. No. 8256374 / 252358 Loc. 117/146

Powered by Koha